| 000 | 00495nam a2200169 4500 | ||
|---|---|---|---|
| 001 | 126427 | ||
| 003 | ES-MaACL | ||
| 005 | 20230906192822.0 | ||
| 007 | t| | ||
| 008 | 070214s1933 fr r ||||1| fre d | ||
| 100 | 1 |
_aRecouly, Raymond. _995782 |
|
| 245 | 1 | 4 |
_aLes dessous de l'Histoire _b: les negociations secrètes Brian-Lancken / _cRaymond Recouly. |
| 250 | _a5ª. ed. | ||
| 260 |
_aParis : _b[s.n.], _c1933 ( _fImp. Nouvelle) |
||
| 300 |
_a173 p. ; _c19 cm. |
||
| 852 |
_aES-MaACL _jB-12849 |
||
| 999 |
_c126427 _d126427 |
||